[Event "Landesliga Sued 1011"]
[Site "Bayern"]
[Date "2010.12.12"]
[Round "4.1"]
[White "Umansky, Mikhail"]
[Black "Kindermann, Stefan"]
[Result "0-1"]
[WhiteElo "2376"]
[BlackElo "2475"]
[PlyCount "74"]
[EventDate "2010.10.10"]
[EventType "team-tourn"]
[EventRounds "9"]
[EventCountry "GER"]
[SourceTitle "EXT 2012"]
[Source "ChessBase"]
[SourceDate "2011.11.24"]
[SourceVersion "1"]
[SourceVersionDate "2011.11.24"]
[SourceQuality "1"]
[WhiteTeam "Haunstetten"]
[BlackTeam "Muenchen Zugzwang"]
[WhiteTeamCountry "GER"]
[BlackTeamCountry "GER"]

1. d4 d5 2. c4 c6 3. Nf3 Nf6 4. e3 Bg4 5. Qb3 Qb6 6. Nc3 e6 7. Ne5 Bf5 8. Be2 h6 9. g4 Bh7 10. Bd2 Nbd7 11. Nxd7 Nxd7 12. 0-0-0 Qc7 13. f3 dxc4 14. Qxc4 a6 15. e4 b5 16. Qb3 c5 17. d5 c4 18. Qc2 Bc5 19. dxe6 fxe6 20. f4 Nb6 21. f5 0-0-0 22. fxe6 Qe5 23. g5 b4 24. Bg4 Kb7 25. Bf5 g6 26. Bh3 bxc3 27. Bxc3 Qxg5+ 28. Kb1 Rhf8 29. e5 Qe7 30. Qe4+ Ka7 31. Ka1 g5 32. Qc6 Bd3 33. Ba5 Rc8 34. Qg2 h5 35. Rxd3 cxd3 36. Qe4 Qb7 37. Qe1 g4 0-1

[Event "Landesliga Sued 1011"]
[Site "Bayern"]
[Date "2010.10.24"]
[Round "2.1"]
[White "Umansky, Mikhail"]
[Black "Pezerovic, Edin"]
[Result "1/2-1/2"]
[WhiteElo "2376"]
[BlackElo "2416"]
[PlyCount "91"]
[EventDate "2010.10.10"]
[EventType "team-tourn"]
[EventRounds "9"]
[EventCountry "GER"]
[SourceTitle "EXT 2012"]
[Source "ChessBase"]
[SourceDate "2011.11.24"]
[SourceVersion "1"]
[SourceVersionDate "2011.11.24"]
[SourceQuality "1"]
[WhiteTeam "Haunstetten"]
[BlackTeam "Tegernsee"]
[WhiteTeamCountry "GER"]
[BlackTeamCountry "GER"]

1. d4 Nf6 2. c4 e6 3. g3 d5 4. Bg2 c6 5. Nf3 Bd6 6. 0-0 0-0 7. Nc3 Nbd7 8. b3 b6 9. Bb2 Bb7 10. Nd2 c5 11. cxd5 exd5 12. Nc4 Be7 13. dxc5 Nxc5 14. Ne5 Nfe4 15. Nxe4 dxe4 16. b4 Ne6 17. Qb1 Bxb4 18. Rd1 Qg5 19. Rd7 Nc5 20. Rxb7 Nxb7 21. Qxe4 Bc5 22. Qxb7 Qd2 23. Nd3 Qxe2 24. Bf1 Bxf2+ 25. Kh1 Qd2 26. Qf3 Bc5 27. Qg4 Qh6 28. Rc1 Be3 29. Rc7 Bg5 30. Ne5 Qd6 31. Rc6 Qd2 32. Bc3 Qd5+ 33. Bg2 Qxa2 34. h4 Bd2 35. Bd4 f5 36. Qe2 Rad8 37. Nf3 Rxd4 38. Nxd4 Qa1+ 39. Kh2 Qxd4 40. Qe6+ Kh8 41. Rd6 Qf2 42. Qe7 Rg8 43. Rd8 h6 44. h5 Rxd8 45. Qxd8+ Kh7 46. Qe8 1/2-1/2

[Event "Landesliga Sued 1011"]
[Site "Bayern"]
[Date "2010.10.10"]
[Round "1.1"]
[White "Bayer, Bernhard"]
[Black "Umansky, Mikhail"]
[Result "0-1"]
[WhiteElo "2355"]
[BlackElo "2376"]
[PlyCount "56"]
[EventDate "2010.10.10"]
[EventType "team-tourn"]
[EventRounds "9"]
[EventCountry "GER"]
[SourceTitle "EXT 2012"]
[Source "ChessBase"]
[SourceDate "2011.11.24"]
[SourceVersion "1"]
[SourceVersionDate "2011.11.24"]
[SourceQuality "1"]
[WhiteTeam "Weilheim"]
[BlackTeam "Haunstetten"]
[WhiteTeamCountry "GER"]
[BlackTeamCountry "GER"]

1. Nf3 d5 2. g3 c5 3. Bg2 f6 4. 0-0 e5 5. c4 d4 6. e3 Nc6 7. exd4 cxd4 8. d3 Nge7 9. Na3 Bg4 10. h3 Be6 11. Re1 Qd7 12. Kh2 g5 13. b4 Ng6 14. b5 Nd8 15. Nc2 g4 16. hxg4 Bxg4 17. Qe2 Ne6 18. Bd2 h5 19. Qe4 Kf7 20. Nh4 Nxh4 21. gxh4 Nc5 22. Qd5+ Qxd5 23. Bxd5+ Be6 24. Bxe6+ Nxe6 25. Re2 Nc5 26. Ne1 Bd6 27. Kh3 Rhg8 28. Rb1 Rg1 0-1

[Event "Landesliga Sued 0809"]
[Site "Bayern"]
[Date "2008.12.14"]
[Round "4.1"]
[White "Umansky, Mikhail"]
[Black "Straub, Juergen"]
[Result "1-0"]
[WhiteElo "2414"]
[BlackElo "2187"]
[PlyCount "77"]
[EventDate "2008.10.05"]
[EventType "team-tourn"]
[EventRounds "9"]
[EventCountry "GER"]
[SourceTitle "EXT 2020"]
[Source "ChessBase"]
[SourceDate "2019.10.17"]
[SourceVersion "1"]
[SourceVersionDate "2019.10.17"]
[SourceQuality "1"]
[WhiteTeam "Haunstetten"]
[BlackTeam "Ingolstadt"]
[WhiteTeamCountry "GER"]
[BlackTeamCountry "GER"]

1. d4 Nf6 2. c4 e6 3. g3 Bb4+ 4. Nd2 c5 5. Ngf3 cxd4 6. Nxd4 0-0 7. Bg2 Nc6 8. Nc2 Be7 9. 0-0 d5 10. a3 e5 11. b4 Be6 12. Bb2 dxc4 13. Ne3 c3 14. Bxc3 Nd5 15. Nxd5 Bxd5 16. Ne4 Bc4 17. Qc2 Rc8 18. Rfd1 Qc7 19. Qb2 b5 20. Rac1 Rcd8 21. Nd2 Bd5 22. Nf3 Bxf3 23. Bxf3 Rxd1+ 24. Rxd1 Nd4 25. Bxd4 exd4 26. Qxd4 Rd8 27. Bd5 a5 28. e4 axb4 29. axb4 Qd6 30. Rb1 Kf8 31. Qd3 Qb6 32. Kg2 g6 33. Rb3 Bd6 34. Qe2 Kg7 35. Qb2+ Kg8 36. Rf3 Rd7 37. e5 Bf8 38. e6 Bg7 39. exf7+ 1-0

[Event "Landesliga Sued 0809"]
[Site "Bayern"]
[Date "2008.10.05"]
[Round "1.1"]
[White "Umansky, Mikhail"]
[Black "Safyanovsky, Mark"]
[Result "1/2-1/2"]
[WhiteElo "2438"]
[BlackElo "2256"]
[PlyCount "50"]
[EventDate "2008.10.05"]
[EventType "team-tourn"]
[EventRounds "9"]
[EventCountry "GER"]
[SourceTitle "EXT 2020"]
[Source "ChessBase"]
[SourceDate "2019.10.17"]
[SourceVersion "1"]
[SourceVersionDate "2019.10.17"]
[SourceQuality "1"]
[WhiteTeam "Haunstetten"]
[BlackTeam "Dillingen"]
[WhiteTeamCountry "GER"]
[BlackTeamCountry "GER"]

1. d4 Nf6 2. c4 e6 3. g3 d5 4. Bg2 dxc4 5. Nf3 Bd7 6. Ne5 Bc6 7. Nxc6 Nxc6 8. 0-0 Qd7 9. Nc3 Nxd4 10. Bxb7 Rb8 11. Bg2 Be7 12. e3 Nb5 13. Qe2 Nxc3 14. bxc3 Qa4 15. e4 e5 16. f4 Bd6 17. fxe5 Bxe5 18. Bf4 Rb5 19. Rab1 0-0 20. Rb4 Rxb4 21. Bxe5 Rb6 22. Bd4 Re6 23. e5 Nd7 24. Bd5 c5 25. Bxe6 fxe6 1/2-1/2

[Event "PAL/CSS Freestyle fin 8th"]
[Site "Playchess.com INT"]
[Date "2008.04.12"]
[Round "4"]
[White "Umansky, Mikhail"]
[Black "Lombard1"]
[Result "1-0"]
[WhiteElo "2334"]
[BlackElo "2485"]
[PlyCount "71"]
[EventDate "2008.04.11"]
[EventType "swiss (rapid)"]
[EventRounds "9"]
[EventCountry "GER"]
[SourceTitle "EXT 2010"]
[Source "ChessBase"]
[SourceDate "2010.11.25"]
[SourceVersion "1"]
[SourceVersionDate "2010.11.25"]
[SourceQuality "1"]

1. d4 Nf6 2. c4 e6 3. g3 Bb4+ 4. Nd2 b6 5. Bg2 c6 6. e4 d5 7. cxd5 exd5 8. e5 0-0 9. Ne2 Ne4 10. 0-0 Ng5 11. f4 Nh3+ 12. Kh1 Bf5 13. Nf3 Be7 14. Ne1 g5 15. Nc2 Qc8 16. Ne3 g4 17. Nc3 Bb4 18. Qe2 Bxc3 19. bxc3 Re8 20. Ba3 a5 21. Bxh3 gxh3 22. Qh5 Be4+ 23. Kg1 Kh8 24. f5 Rg8 25. Be7 Nd7 26. Rf4 Rg7 27. Bf6 Qg8 28. Bxg7+ Qxg7 29. Ng4 Rf8 30. Nh6 Bg2 31. Re1 c5 32. f6 Qg6 33. Qxg6 hxg6 34. Rh4 g5 35. Rh5 Bf3 36. g4 1-0

[Event "Landesliga Sued 0708"]
[Site "Bayern"]
[Date "2008.03.09"]
[Round "7.1"]
[White "Wohl, Aleksandar H"]
[Black "Umansky, Mikhail"]
[Result "0-1"]
[WhiteElo "2361"]
[BlackElo "2413"]
[PlyCount "122"]
[EventDate "2007.10.21"]
[EventType "team-tourn"]
[EventRounds "9"]
[EventCountry "GER"]
[SourceTitle "EXT 2009"]
[Source "ChessBase"]
[SourceDate "2008.11.26"]
[SourceVersion "1"]
[SourceVersionDate "2008.11.26"]
[SourceQuality "1"]
[WhiteTeam "Weilheim"]
[BlackTeam "Haunstetten"]
[WhiteTeamCountry "GER"]
[BlackTeamCountry "GER"]

1. c4 e5 2. Nc3 Nf6 3. g3 d5 4. cxd5 Nxd5 5. Bg2 Nb6 6. Nf3 Nc6 7. 0-0 Be7 8. a3 0-0 9. b4 Be6 10. d3 f6 11. Bb2 Qd7 12. Ne4 Rad8 13. Qc2 a6 14. Rac1 Bh3 15. Rfd1 Bxg2 16. Kxg2 Nd5 17. Ned2 Kh8 18. e4 Nb6 19. Nc4 Nc8 20. Ne3 Bd6 21. h4 N8e7 22. h5 Qe8 23. h6 g6 24. Nc4 Ng8 25. Rh1 Rf7 26. Rcd1 Bf8 27. d4 Nxd4 28. Nxd4 exd4 29. Bxd4 Rfd7 30. Qb2 Qxe4+ 31. f3 Qxd4 32. Rxd4 Rxd4 33. Rh4 Rd3 34. Ne5 Rd2+ 35. Kh3 Nxh6 36. Nxg6+ Kg7 37. Qc3 hxg6 38. Qxc7+ R8d7 39. Qc8 Nf5 40. Rc4 Ne7 41. Qa8 R2d3 42. a4 Rxf3 43. b5 axb5 44. axb5 Rb3 45. Qe8 Rdd3 46. Rc7 Rxg3+ 47. Kh2 Rge3 48. Kg2 Rb2+ 49. Kf1 b6 50. Rb7 Rc3 51. Rxe7+ Bxe7 52. Qxe7+ Kh6 53. Qe1 Rf3+ 54. Kg1 Rxb5 55. Kg2 Rbf5 56. Qh4+ Kg7 57. Qc4 Rf2+ 58. Kg1 R2f4 59. Qc7+ Kh6 60. Kg2 b5 61. Qb8 b4 0-1

[Event "Landesliga Sued 0708"]
[Site "Bayern"]
[Date "2008.01.20"]
[Round "5.1"]
[White "Unger, Michael"]
[Black "Umansky, Mikhail"]
[Result "0-1"]
[WhiteElo "2076"]
[BlackElo "2413"]
[PlyCount "62"]
[EventDate "2007.10.21"]
[EventType "team-tourn"]
[EventRounds "9"]
[EventCountry "GER"]
[SourceTitle "EXT 2009"]
[Source "ChessBase"]
[SourceDate "2008.11.26"]
[SourceVersion "1"]
[SourceVersionDate "2008.11.26"]
[SourceQuality "1"]
[WhiteTeam "Sendling"]
[BlackTeam "Haunstetten"]
[WhiteTeamCountry "GER"]
[BlackTeamCountry "GER"]

1. d4 Nf6 2. Bf4 g6 3. e3 Bg7 4. h3 0-0 5. Nf3 d6 6. Nbd2 Nbd7 7. Bc4 Qe8 8. Bh2 e5 9. dxe5 dxe5 10. e4 Qe7 11. Qe2 c6 12. Bb3 Nh5 13. Rd1 Nc5 14. Qe3 Nf4 15. Bxf4 exf4 16. Qxf4 Bxb2 17. 0-0 Bg7 18. Rfe1 b5 19. e5 a5 20. a4 Be6 21. axb5 cxb5 22. Nd4 a4 23. Bxe6 Nxe6 24. Nxe6 Qxe6 25. Qb4 Rfc8 26. Qxb5 Rxc2 27. Nf3 Qc6 28. Qb1 Qc5 29. Rf1 a3 30. Rc1 Rxc1 31. Rxc1 a2 0-1

[Event "Landesliga Sued 0708"]
[Site "Bayern"]
[Date "2007.12.09"]
[Round "4.1"]
[White "Umansky, Mikhail"]
[Black "Vokac, Marek"]
[Result "1/2-1/2"]
[WhiteElo "2413"]
[BlackElo "2389"]
[PlyCount "94"]
[EventDate "2007.10.21"]
[EventType "team-tourn"]
[EventRounds "9"]
[EventCountry "GER"]
[SourceTitle "EXT 2009"]
[Source "ChessBase"]
[SourceDate "2008.11.26"]
[SourceVersion "1"]
[SourceVersionDate "2008.11.26"]
[SourceQuality "1"]
[WhiteTeam "Haunstetten"]
[BlackTeam "Krumbach"]
[WhiteTeamCountry "GER"]
[BlackTeamCountry "GER"]

1. d4 g6 2. c4 Bg7 3. Nc3 c5 4. d5 Bxc3+ 5. bxc3 f5 6. Nh3 d6 7. g3 Qa5 8. Qd3 Nf6 9. f3 Nbd7 10. Bf4 Nb6 11. Nf2 e5 12. Bh6 Rg8 13. Bg5 Rf8 14. e4 fxe4 15. fxe4 Na4 16. Rc1 Bd7 17. Be2 0-0-0 18. 0-0 Rde8 19. Bh6 Rf7 20. Nd1 Qc7 21. Rf2 Bg4 22. Ne3 Bxe2 23. Qxe2 Ng8 24. Qg4+ Kb8 25. Rxf7 Qxf7 26. Rf1 Nxh6 27. Rxf7 Nxg4 28. Nxg4 Nxc3 29. Nf6 Rd8 30. Nxh7 b5 31. cxb5 Nxe4 32. Kf1 c4 33. Ke1 Rc8 34. Nf6 Ng5 35. Rd7 c3 36. Kd1 Nf3 37. Rxd6 Nd4 38. Rc6 Nxc6 39. bxc6 Kc7 40. Ne4 Rf8 41. Nxc3 Kd6 42. Ke2 g5 43. Kd3 Rf1 44. Nb5+ Kxd5 45. c7 e4+ 46. Kc2 Rf2+ 47. Kd1 Rf1+ 1/2-1/2

[Event "Landesliga Sued 0708"]
[Site "Bayern"]
[Date "2007.11.25"]
[Round "3.1"]
[White "Zill, Christoph"]
[Black "Umansky, Mikhail"]
[Result "0-1"]
[WhiteElo "2188"]
[BlackElo "2413"]
[PlyCount "78"]
[EventDate "2007.10.21"]
[EventType "team-tourn"]
[EventRounds "9"]
[EventCountry "GER"]
[SourceTitle "EXT 2009"]
[Source "ChessBase"]
[SourceDate "2008.11.26"]
[SourceVersion "1"]
[SourceVersionDate "2008.11.26"]
[SourceQuality "1"]
[WhiteTeam "Freising"]
[BlackTeam "Haunstetten"]
[WhiteTeamCountry "GER"]
[BlackTeamCountry "GER"]

1. e4 g6 2. d4 Bg7 3. Nc3 d6 4. f4 a6 5. Nf3 b5 6. Bd3 Nd7 7. a4 b4 8. Nd5 c5 9. dxc5 dxc5 10. e5 Nh6 11. 0-0 0-0 12. Qe2 Bb7 13. c4 e6 14. Ne3 Qc7 15. b3 f6 16. exf6 Bxf6 17. Ra2 Rae8 18. Qc2 Nf5 19. Ng4 Bxf3 20. Nxf6+ Nxf6 21. Bxf5 exf5 22. Rxf3 Re1+ 23. Rf1 Rfe8 24. Qf2 R1e6 25. h3 Ne4 26. Qf3 Nc3 27. Raf2 Re4 28. g4 Ne2+ 29. Kg2 Nd4 30. Qg3 Qc6 31. Kh2 Re2 32. Qg2 Qxg2+ 33. Rxg2 Nxb3 34. gxf5 Rxg2+ 35. Kxg2 gxf5 36. Kg3 Re4 37. Kh4 Rxc4 38. Bb2 Nd4 39. Kg5 Kf7 0-1

[Event "PAL/CSS Freestyle fin 7th"]
[Site "Playchess.com INT"]
[Date "2007.09.16"]
[Round "8"]
[White "Umansky, Mikhail"]
[Black "Pandini"]
[Result "1/2-1/2"]
[WhiteElo "2315"]
[BlackElo "2390"]
[PlyCount "80"]
[EventDate "2007.09.07"]
[EventType "swiss (rapid)"]
[EventRounds "9"]
[EventCountry "GER"]
[SourceTitle "EXT 2010"]
[Source "ChessBase"]
[SourceDate "2010.11.25"]
[SourceVersion "1"]
[SourceVersionDate "2010.11.25"]
[SourceQuality "1"]

1. d4 d5 2. c4 dxc4 3. e4 Nc6 4. Nf3 Bg4 5. d5 Ne5 6. Nc3 Bxf3 7. gxf3 e6 8. f4 Nd3+ 9. Bxd3 cxd3 10. Qxd3 c6 11. Be3 cxd5 12. 0-0-0 Nf6 13. exd5 Nxd5 14. Kb1 a6 15. Nxd5 Qxd5 16. Qxd5 exd5 17. Rxd5 Be7 18. Bb6 0-0 19. Rd7 Bf6 20. Rc1 Rae8 21. Rxb7 Re2 22. Be3 Bh4 23. Rc2 Re1+ 24. Bc1 Rf1 25. Ra7 Bxf2 26. Rxa6 Be3 27. Ra4 f5 28. Rac4 g5 29. b4 gxf4 30. Kb2 Rd8 31. Kb3 Rdd1 32. Rc8+ Kf7 33. Bb2 Rd3+ 34. Kc4 Rd7 35. Rg2 Rg1 36. Rxg1 Bxg1 37. Rh8 Rd2 38. Rxh7+ Ke6 39. Rh6+ Kd7 40. Rh7+ Ke6 1/2-1/2

[Event "PAL/CSS Freestyle fin 7th"]
[Site "Playchess.com INT"]
[Date "2007.09.15"]
[Round "7"]
[White "Jimliew"]
[Black "Umansky, Mikhail"]
[Result "0-1"]
[WhiteElo "2359"]
[BlackElo "2315"]
[PlyCount "128"]
[EventDate "2007.09.07"]
[EventType "swiss (rapid)"]
[EventRounds "9"]
[EventCountry "GER"]
[SourceTitle "EXT 2010"]
[Source "ChessBase"]
[SourceDate "2010.11.25"]
[SourceVersion "1"]
[SourceVersionDate "2010.11.25"]
[SourceQuality "1"]

1. e4 g6 2. d4 Bg7 3. Nc3 d6 4. f4 a6 5. a4 Nf6 6. Nf3 c5 7. dxc5 Qa5 8. Qd3 Nxe4 9. Qxe4 Bxc3+ 10. Kf2 Bf6 11. cxd6 0-0 12. Qe3 exd6 13. Bd2 Qd8 14. Bc3 Nc6 15. Bc4 Bf5 16. Bxf6 Qxf6 17. c3 Rfe8 18. Qd2 Be4 19. Rhe1 Rad8 20. Ba2 d5 21. Rad1 Kg7 22. g3 h5 23. Re3 Bxf3 24. Rxe8 Rxe8 25. Kxf3 Ne5+ 26. Kg2 Nc4 27. Bxc4 dxc4 28. a5 Re4 29. Kf1 Qe6 30. Qf2 Qf5 31. Rd4 Re7 32. h4 Qxa5 33. Rxc4 Qb5 34. Qc5 Qe8 35. Qd4+ Kh7 36. Qd1 Qb5 37. b3 Rd7 38. Qe2 Qxb3 39. Kg2 Rd2 40. Qxd2 Qxc4 41. Qb2 b5 42. Qa1 Qe2+ 43. Kg1 Qe3+ 44. Kg2 Qe2+ 45. Kg1 Qf3 46. Kh2 Qf2+ 47. Kh3 Qa7 48. f5 a5 49. fxg6+ fxg6 50. Qa3 a4 51. Kg2 Kg7 52. Kh1 Qa8+ 53. Kh2 Qf8 54. Qb2 a3 55. Qa2 b4 56. cxb4 Qxb4 57. Qe6 Qb2+ 58. Kh3 a2 59. Qe7+ Kh8 60. Qf8+ Kh7 61. Qf7+ Kh6 62. Qf4+ Kg7 63. Qc7+ Kh8 64. Qd8+ Kh7 0-1

[Event "Bayern-ch 78th"]
[Site "Vaterstetten"]
[Date "2007.08.19"]
[Round "2"]
[White "Monninger, Moritz Franz"]
[Black "Umansky, Mikhail"]
[Result "0-1"]
[WhiteElo "1999"]
[BlackElo "2415"]
[PlyCount "101"]
[EventDate "2007.08.18"]
[EventType "swiss"]
[EventRounds "9"]
[EventCountry "GER"]
[SourceTitle "EXT 2015"]
[Source "ChessBase"]
[SourceDate "2014.11.20"]
[SourceVersion "1"]
[SourceVersionDate "2014.11.20"]
[SourceQuality "1"]

1. d4 Nf6 2. Bg5 d5 3. Bxf6 exf6 4. e3 Bd6 5. Nd2 0-0 6. g3 Nd7 7. Bg2 c6 8. Ne2 f5 9. 0-0 Nf6 10. c4 dxc4 11. Nxc4 Bc7 12. Qc2 Re8 13. Nc3 Be6 14. Ne5 Bxe5 15. dxe5 Ng4 16. e4 fxe4 17. Qxe4 Bd7 18. Qb4 Qg5 19. e6 Bxe6 20. Qxb7 Qh5 21. h3 Ne5 22. g4 Qh4 23. Rae1 Nd3 24. Re3 Nf4 25. Qxc6 h5 26. Qa4 Nxg2 27. Kxg2 Red8 28. Rd1 Rxd1 29. Qxd1 hxg4 30. hxg4 Rb8 31. b3 Bxg4 32. Qd6 Rd8 33. Qg3 Qh5 34. Rd3 Rc8 35. Rd4 Be6 36. Rh4 Qf5 37. Rf4 Qe5 38. Rf3 Qd4 39. Rd3 Qc5 40. Qe3 Qc7 41. Qg3 Qa5 42. Qe3 g6 43. Qd4 Qg5+ 44. Rg3 Qh5 45. Qe3 Bd7 46. Ne4 Bc6 47. f3 Bxe4 48. Qxe4 Rc1 49. Kf2 Qc5+ 50. Kg2 Rc2+ 51. Kf1 0-1

[Event "Landesliga Sued 0607"]
[Site "Bayern"]
[Date "2007.04.22"]
[Round "9.1"]
[White "Umansky, Mikhail"]
[Black "Pitschka, Claus"]
[Result "0-1"]
[WhiteElo "2474"]
[BlackElo "2177"]
[PlyCount "88"]
[EventDate "2006.10.15"]
[EventType "team-tourn"]
[EventRounds "9"]
[EventCountry "GER"]
[SourceTitle "EXT 2008"]
[Source "ChessBase"]
[SourceDate "2007.11.25"]
[SourceVersion "1"]
[SourceVersionDate "2007.11.25"]
[SourceQuality "1"]
[WhiteTeam "Haunstetten"]
[BlackTeam "Garching"]
[WhiteTeamCountry "GER"]
[BlackTeamCountry "GER"]

1. d4 d5 2. c4 c6 3. Nf3 Nf6 4. e3 a6 5. a4 e6 6. Nc3 c5 7. Bd3 Nc6 8. 0-0 Be7 9. b3 0-0 10. Bb2 b6 11. Qe2 cxd4 12. exd4 Bb7 13. Rfd1 Nb4 14. Bb1 Rc8 15. Ne5 Rc7 16. Qe3 dxc4 17. bxc4 Qa8 18. Qh3 Rfc8 19. a5 bxa5 20. Na4 Qa7 21. d5 exd5 22. Bf5 g6 23. Bd4 Qb8 24. Be6 Rf8 25. Nxg6 fxe6 26. Qxe6+ Rf7 27. Ne5 Bd8 28. Nxf7 Rxf7 29. Ra3 Bc8 30. Qe2 Bg4 31. f3 Bf5 32. Rb3 Bc7 33. g4 Bc2 34. Rxb4 Bxh2+ 35. Kh1 axb4 36. Qxc2 Be5 37. Bg1 b3 38. Qf5 b2 39. Rb1 Ne4 40. Qe6 Nd2 41. Bh2 Bxh2 42. Rxb2 Qg3 43. Qc8+ Kg7 44. Qc5 Qh3 0-1

[Event "Landesliga Sued 0607"]
[Site "Bayern"]
[Date "2007.04.01"]
[Round "8.1"]
[White "Schaefer, Matthias"]
[Black "Umansky, Mikhail"]
[Result "0-1"]
[WhiteElo "2226"]
[BlackElo "2474"]
[PlyCount "56"]
[EventDate "2006.10.15"]
[EventType "team-tourn"]
[EventRounds "9"]
[EventCountry "GER"]
[SourceTitle "EXT 2008"]
[Source "ChessBase"]
[SourceDate "2007.11.25"]
[SourceVersion "1"]
[SourceVersionDate "2007.11.25"]
[SourceQuality "1"]
[WhiteTeam "Starnberg"]
[BlackTeam "Haunstetten"]
[WhiteTeamCountry "GER"]
[BlackTeamCountry "GER"]

1. e4 g6 2. d4 Bg7 3. Nc3 d6 4. Be3 a6 5. Qd2 b5 6. h4 h5 7. Nh3 Bxh3 8. Rxh3 Nd7 9. f3 c5 10. a4 b4 11. Ne2 Qc7 12. a5 Ngf6 13. d5 Ne5 14. Ng3 e6 15. dxe6 fxe6 16. Rd1 Rd8 17. Bxa6 0-0 18. Bh6 Qxa5 19. Bxg7 Kxg7 20. Be2 d5 21. Qf4 Qc7 22. Qe3 d4 23. Qg5 c4 24. Qc1 Qc5 25. Nf1 b3 26. f4 bxc2 27. Qxc2 d3 28. Bxd3 Qb4+ 0-1

[Event "PAL/CSS Freestyle op 5th"]
[Site "Playchess.com INT"]
[Date "2007.03.03"]
[Round "5"]
[White "Umansky, Mikhail"]
[Black "ParthaKrishna"]
[Result "1/2-1/2"]
[WhiteElo "2376"]
[BlackElo "2343"]
[PlyCount "160"]
[EventDate "2007.03.02"]
[EventType "swiss (rapid)"]
[EventRounds "8"]
[EventCountry "GER"]
[SourceTitle "EXT 2010"]
[Source "ChessBase"]
[SourceDate "2010.11.25"]
[SourceVersion "1"]
[SourceVersionDate "2010.11.25"]
[SourceQuality "1"]

1. d4 d5 2. c4 e6 3. Nf3 Nf6 4. g3 dxc4 5. Bg2 a6 6. 0-0 Nc6 7. Nc3 Rb8 8. e4 Be7 9. Qe2 b5 10. Rd1 Nb4 11. Ne1 0-0 12. Bf4 Bb7 13. a3 Nc6 14. d5 exd5 15. e5 d4 16. exf6 Bxf6 17. Nd5 d3 18. Qd2 Be5 19. Nf3 Bxb2 20. Qxb2 Qxd5 21. Bxc7 Rbc8 22. Bf4 Nd8 23. Qc3 Ne6 24. Be3 Qh5 25. Ng5 Bxg2 26. Nxe6 fxe6 27. Kxg2 Qd5+ 28. Kg1 e5 29. Rdb1 Rf7 30. a4 Rb7 31. axb5 axb5 32. Ra6 Rbb8 33. h4 Rb7 34. Ra5 e4 35. Rba1 h6 36. Rb1 Qc6 37. Rb2 Rcb8 38. Rb4 Rf8 39. Ra3 Qe6 40. Rb1 Rfb8 41. Qb4 Rc8 42. Kg2 Qc6 43. Rc1 Qf6 44. Ra2 Qf8 45. Qa5 Qd6 46. Kg1 b4 47. Qf5 Qd7 48. Qxe4 b3 49. Rd2 b2 50. Rb1 c3 51. Rxd3 Qf7 52. Qg4 Rc4 53. Qe2 c2 54. Rxb2 Rxb2 55. Rd8+ Kh7 56. Qd3+ g6 57. Bc1 Rb7 58. h5 Rc6 59. hxg6+ Rxg6 60. Qxc2 Qc7 61. Qxc7+ Rxc7 62. Be3 Rcc6 63. Kg2 Rgd6 64. Rb8 Rc4 65. Kf3 Rf6+ 66. Kg2 Re4 67. Rd8 Kg6 68. Kh3 Rfe6 69. Rg8+ Kh7 70. Rc8 Re8 71. Rc3 Kg6 72. Rd3 R4e6 73. g4 Rg8 74. Kg3 Kh7 75. Kh4 Kg6 76. f4 Kf7 77. Rd7+ Ke8 78. Rd3 Kf7 79. Rd7+ Ke8 80. Rd3 Kf7 1/2-1/2

[Event "Champions Challenge 168th"]
[Site "Playchess.com INT"]
[Date "2006.10.14"]
[Round "1.2"]
[White "Umansky, Mikhail"]
[Black "Ovetchkin, Roman"]
[Result "0-1"]
[WhiteElo "2445"]
[BlackElo "2543"]
[PlyCount "76"]
[EventDate "2006.10.14"]
[EventType "k.o. (blitz)"]
[EventRounds "5"]
[EventCountry "GER"]
[SourceTitle "EXT 2008"]
[Source "ChessBase"]
[SourceDate "2007.11.25"]
[SourceVersion "1"]
[SourceVersionDate "2007.11.25"]
[SourceQuality "1"]

1. d4 Nf6 2. c4 e6 3. Nf3 b6 4. Nc3 Bb4 5. Bg5 Bb7 6. Qb3 c5 7. a3 Ba5 8. 0-0-0 Bxc3 9. Qxc3 Ne4 10. Qe3 Nxg5 11. Nxg5 0-0 12. h4 h6 13. Ne4 cxd4 14. Qxd4 d5 15. cxd5 Qxd5 16. Nd6 Rd8 17. Qxd5 Bxd5 18. Nb5 Nd7 19. f3 Bb3 20. Rd2 Rac8+ 21. Nc3 Nc5 22. e4 e5 23. Be2 Be6 24. Rxd8+ Rxd8 25. Rd1 Nb3+ 26. Kb1 Rxd1+ 27. Bxd1 Nd4 28. Kc1 g5 29. hxg5 hxg5 30. Kd2 Kf8 31. Ke3 Ke7 32. g3 Kd6 33. f4 f6 34. fxg5 fxg5 35. Be2 a5 36. b4 Nc2+ 37. Kd2 Nxa3 38. bxa5 bxa5 0-1

[Event "Bayern-chB 77th"]
[Site "Bad Woerishofen"]
[Date "2006.09.01"]
[Round "8"]
[White "Umansky, Mikhail"]
[Black "Scherer, Stefan"]
[Result "1-0"]
[WhiteElo "2443"]
[BlackElo "2076"]
[PlyCount "105"]
[EventDate "2006.08.26"]
[EventType "swiss"]
[EventRounds "9"]
[EventCountry "GER"]
[SourceTitle "EXT 2015"]
[Source "ChessBase"]
[SourceDate "2014.11.20"]
[SourceVersion "1"]
[SourceVersionDate "2014.11.20"]
[SourceQuality "1"]

1. d4 Nf6 2. c4 g6 3. g3 Bg7 4. Bg2 0-0 5. Nc3 d6 6. Nf3 Nbd7 7. 0-0 e5 8. e4 c6 9. h3 Qb6 10. dxe5 dxe5 11. Qc2 Re8 12. Be3 Qc7 13. Rfd1 Nf8 14. c5 Ne6 15. b4 Nd7 16. Na4 b6 17. Bf1 Bf8 18. Rac1 b5 19. Nc3 a5 20. a3 Ba6 21. h4 Nf6 22. Ng5 Bc8 23. Be2 h6 24. Nf3 Ng4 25. Bd2 Nd4 26. Nxd4 exd4 27. Bf4 Qd8 28. Nb1 Bg7 29. a4 axb4 30. axb5 b3 31. Qxb3 Rxe4 32. Qf3 Nf6 33. bxc6 Bg4 34. Qxe4 Nxe4 35. Bxg4 g5 36. hxg5 hxg5 37. Bd6 Qf6 38. Rc2 Qg6 39. c7 Nxd6 40. Rb2 Rf8 41. cxd6 Qxd6 42. Rc2 Qd5 43. c8Q Rxc8 44. Rxc8+ Kh7 45. Nd2 Kg6 46. Bf3 Qd7 47. Rc6+ Bf6 48. Be4+ Kg7 49. Kg2 Be5 50. Nf3 Bf6 51. Rh1 g4 52. Rh7+ Kf8 53. Rxf6 1-0

[Event "Bayern-chB 77th"]
[Site "Bad Woerishofen"]
[Date "2006.08.26"]
[Round "1"]
[White "Urban, Rudolf"]
[Black "Umansky, Mikhail"]
[Result "0-1"]
[WhiteElo "1715"]
[BlackElo "2443"]
[PlyCount "50"]
[EventDate "2006.08.26"]
[EventType "swiss"]
[EventRounds "9"]
[EventCountry "GER"]
[SourceTitle "EXT 2015"]
[Source "ChessBase"]
[SourceDate "2014.11.20"]
[SourceVersion "1"]
[SourceVersionDate "2014.11.20"]
[SourceQuality "1"]

1. d4 Nf6 2. Bf4 c5 3. dxc5 e6 4. e3 Bxc5 5. Nd2 d5 6. Ngf3 0-0 7. Bd3 Nc6 8. c3 Qe7 9. Ne5 Nxe5 10. Bxe5 Nd7 11. Bg3 e5 12. 0-0 f5 13. h3 g5 14. Qb3 Nf6 15. e4 f4 16. exd5 Kh8 17. Bh2 g4 18. Kh1 gxh3 19. g3 e4 20. Rae1 Bf5 21. gxf4 Qg7 22. Rg1 Ng4 23. Rxg4 Bxg4 24. Bxe4 Rae8 25. Qc2 Bf3+ 0-1